000 00294nam a22001217a 4500
008 180802b xxu||||| |||| 00| 0 eng d
082 _a813.52
245 _aEssentials of Psychiatric Mental Health Nursing
_cTownsend,M
260 _c2008
300 _a1
_fCD
760 _b4th
942 _2ddc
_cMX
999 _c46714
_d46714